Sabanas naturales de Colombia / (Registro nro. 70)

Detalles MARC
000 -CABECERA
Campo de control 01195cam a2200277 i 4500
005 - FECHA Y HORA DE LA ULTIMA TRANSACCION
Campo de control 20160218160308.0
008 - ELEMENTOS DE LONGITUD FIJA—INFORMACION GENERAL
Campo de control 950612s1994 ck a r 00010 spa d
015 ## - NATIONAL BIBLIOGRAPHY NUMBER
National bibliography number ck-1994-xxxx
020 ## - ISBN
ISBN 9589550452
040 ## - FUENTE DE CATALOGACIÓN
Agencia catalogadora original la
Agencia transcriptora la
Agencia Modificadora CO-BoIAVH
041 0# - IDIOMA
Código de idioma para texto/pista de sonido o título separado Español
043 ## - GEOGRAPHIC AREA CODE
Geographic area code s-ck---
082 04 - NUMERO DE CLASIFICACION DECIMAL DEWEY
Número de clasificación 551.45
Número del ítem S11s
245 10 - MENCION DE TITULO
Título Sabanas naturales de Colombia /
Mención de responsabilidad Dirección científica Jorge Hernández Camacho ; presentación Mauricio Cabrera Galvis ; textos Jorge Hernández camacho y (otros más) ; fotografía Juan Manuel Renjifo, Diego Samper Martínez ; ilustraciones Miguel Camacho y (otros más).
260 ## - PUBLICACION, DISTRIBUCION, ETC. (PIE DE IMPRENTA)
Lugar de publicación, distribución, etc. Bogotá :
Nombre del editor, distribuidor, etc. Banco de Occidente,
Fecha de publicación, distribución, etc. 1994.
300 ## - DESCRIPCION FISICA
Extensión 207 páginas :
Otros detalles físicos ilustraciones y fotografías ;
Dimensiones 34 cm.
504 ## - NOTA DE BIBLIOGRAFIA, ETC.
Nota de bibliografía Incluye referencias bibliográficas y glosario.
650 16 - ASIENTO SECUNDARIO DE MATERIA - TERMINO TEMATICO
Término temático o nombre geográfico como elemento de entrada Ecología de sabanas.
9 (RLIN) 61046
650 26 - ASIENTO SECUNDARIO DE MATERIA - TERMINO TEMATICO
Término temático o nombre geográfico como elemento de entrada Sabanas
Subdivisión geográfica Colombia.
9 (RLIN) 61047
700 1# - ASIENTO SECUNDARIO - NOMBRE PERSONAL
Nombre personal Hernández Camacho, Jorge Ignacio,
Fechas asociadas con el nombre 1935-
9 (RLIN) 61048
700 1# - ASIENTO SECUNDARIO - NOMBRE PERSONAL
Nombre personal Cabrera Galvis, Mauricio.
9 (RLIN) 54444
700 1# - ASIENTO SECUNDARIO - NOMBRE PERSONAL
Nombre personal Renjifo, Juan Manuel,
Término de relación ilustrador.
9 (RLIN) 20567
700 1# - ASIENTO SECUNDARIO - NOMBRE PERSONAL
Nombre personal Samper Martínez, Diego,
Fechas asociadas con el nombre 1954-,
Término de relación ilustrador.
9 (RLIN) 61049
700 1# - ASIENTO SECUNDARIO - NOMBRE PERSONAL
Nombre personal Camacho, Miguel,
Término de relación ilustrador.
9 (RLIN) 61050
942 ## - ELEMENTOS ADICIONALES (KOHA)
Sistema de clasificación Dewey Decimal Classification
Tipo de ítem Libro
Existencias
Withdrawn status Lost status Sistema de Clasificación Damaged status No para préstamo Colección Inventariado Ubicación Permanente Ubicación actual Fecha de adquisición Fuente de Valor Valor Total Checkouts Número topográfico Inventario / Código de Barras Date last seen Ejemplar Price effective from Forma de adquisición Tipo de material
    Dewey Decimal Classification     General Inventariado 2017 Bogotá Bogotá 04/12/2012 Instituto 39000.00   LB-551.45 S11s 015234 04/12/2012 Ej. 1 04/12/2012   Libro
    Dewey Decimal Classification     General Inventariado 2017 Sala Fabio Quevedo Sala Fabio Quevedo 16/12/1997 Instituto 39000.00   LB-551.45 S11s 000079 04/12/2012 Ej. 2 04/12/2012   Libro